Dilermano Constantino Albuquerque raposo, o mostro misterioso (Record no. 69359)

MARC details
000 -LÍDER
campo de controle de tamanho fixo 00432 a2200157 4500
001 - NÚMERO DE CONTROLE
campo de controle 69359
020 ## - ISBN - INTERNATIONAL STANDARD BOOK NUMBER
ISBN - International Standard Book Number 8572084517
040 ## - FONTE DA CATALOGAÇÃO
Instituição que transcreveu o registro Anchieta - Itaigara
100 ## - ENTRADA PRINCIPAL--NOME PESSOAL
Nome pessoal Sypriano, Lilian
240 10 - TÍTULO UNIFORME
Título uniforme Dilermano Constantino Albuquerque raposo, o mostro misterioso
Idioma da obra por
245 10 - TÍTULO
Título Dilermano Constantino Albuquerque raposo, o mostro misterioso
300 ## - DESCRIÇÃO FÍSICA
Extensão 32
362 0# - DATAS DE PUBLICAÇÃO E/OU DESIGNAÇÃO SEQUENCIAL
Datas de publicação e/ou designação sequencial 2006
650 #4 - ASSUNTO--TERMO TÓPICO
Cabeçalho tópico ou nome geográfico Literatura infanto-juvenil
942 ## - ELEMENTOS DE ENTRADA ADICIONADOS (KOHA)
Tipo de material Koha Livros
Holdings
Situação do descarte Situação das perdas Situação física Não pode ser emprestado Biblioteca de origem Biblioteca atual Data de aquisição Total de empréstimos Número de chamada completo Código de barras Data de último acesso Data do preço efetivo Tipo de material Koha
        Colégio São Paulo Colégio São Paulo 21/11/2023   028.5 SYP DIL 1583/ITA 21/11/2023 21/11/2023 Livros